Statistics for Foreign Relations of China

Click here to take the quiz!

General Stats

  • This quiz has been taken 335 times
  • The average score is 34 of 47

Answer Stats

Country% Correct
USA
98%
Russia
97%
North Korea
96%
UK
96%
India
94%
Japan
93%
South Korea
93%
France
92%
Vietnam
91%
Pakistan
90%
Germany
89%
Brazil
87%
Mongolia
87%
Indonesia
85%
Laos
85%
Australia
84%
Canada
84%
Italy
83%
Spain
83%
Cambodia
82%
Malaysia
82%
Mexico
82%
Myanmar
80%
South Africa
80%
Argentina
79%
Turkey
78%
Egypt
77%
Philippines
70%
Kazakhstan
67%
Poland
67%
Portugal
67%
Tajikistan
66%
Chile
65%
Bangladesh
60%
Peru
59%
Uzbekistan
58%
Sri Lanka
57%
Nigeria
55%
Kyrgyzstan
53%
Brunei
52%
Denmark
49%
Ethiopia
47%
Romania
45%
Hungary
44%
Belarus
42%
Albania
30%
Croatia
27%

Score Distribution

Percentile by Number Answered

Percent of People with Each Score

Your Score History

You have not taken this quiz